Представление документа в формате RUSMARC

ПолеНазваниеЗначение
  Тип записи a
  Библиографический уровень m
001 Контрольный номер RU/УОНБ/EK_N/427556483
005 Дата корректировки 20240131000305.4
010 Индекс ISBN __
9 Тираж 18000 экз.
013 Номер (ISMN) __
d Цена 50 к.
071 Издательские номер (звукозапись и ноты) 21
a Номер, присвоенный агентством 6881
100 Данные общей обработки __
a Данные общей обработки 20130719g1984 u y0rusy0189||||ca
101 Язык документа 0_
a Язык текста rus
f Язык титульного листа rus
102 Страна публикации __
a Страна публикации RU
105 Кодированные данные (монография) __
a Кодированные данные (монография) y###||||000|y
125 Кодированные данные звукозаписи и нотных изданий __
a Форма изложения нотного текста с|
128 Кодированные данные (звукозаписи-физические характеристики) __
a Кодированные данные: Музыкальная форма и тональность или лад zz
c Инструменты или голоса, рекомендуемые для солистов (устаревшее) kt||
200 Заглавие и сведения об ответственности 1_
a Заглавие Вып. 21
f Первые сведения об ответственности сост. А.Талакин
210 Выходные данные 1_
d Дата издания 1984
215 Физическое описание __
a Объем 31 c.
327 Примечание о содержании 11
a Примечание о содержании Содерж. : Хренников Т. Три пьесы : 1. Партизаны поют ; 2. Тройка ; 3. Как соловей о розе. - Кабалевский Д. Легкие вариации на тему словацкой народной песни. - Эшпай А. Была у меня коза. - Александров Ан. Кума. - Майкапар С. Вальс Ре бемоль мажор. - Зайцев В. Молодецкая. - Ефимов В. Песня. - Гурилев А. Вьется ласточка сизокрылая. - Булахов П. В минуту жизни трудную. - Гендель Г. Менуэт. - Бетховен Л. Немецкий танец. - Шуберт Ф. Менуэт. - Кросс Р. Коломбина. - Сигмейстер Э. Кукушка танцует. - Ханникайнен И. Менуэт бабушки. - Вставала ранешенько : рус. нар. песня. - Солнце село за горой дальней : рус. нар. песня. - Ой, мы дерево срубили : рус. нар. песня. - Як дiждемо лiта : укр. нар. песня. - Як я устану уранцi : укр. нар. песня. - Цi у полi не калiнка расла : белорус. нар. песня. -
461 Уровень набора _0
1 001RU/УОНБ/EK_N/426262497
1 200
a Альбом начинающего аккордеониста
b [Ноты]
v Вып. 21
1 210
a М.
c Советский композитор
d 1984
464 Аналитический уровень _0
1 2001
a Партизаны поют
1 700 1
a Хренников
b Т.
4 230
464 Аналитический уровень _0
1 2001
a Легкие вариации на тему словацкой народной песни
1 700 1
a Кабалевский
b Д.
4 230
464 Аналитический уровень _0
1 2001
a Была у меня коза
1 700 1
a Эшпай
b А.
4 230
464 Аналитический уровень _0
1 2001
a Кума
1 700 1
a Александров
b Ан.
4 230
464 Аналитический уровень _0
1 2001
a Вальс Ре бемоль мажор
1 700 1
a Майкапар
b С.
4 230
464 Аналитический уровень _0
1 2001
a Молодецкая
1 700 1
a Зайцев
b В.
4 230
464 Аналитический уровень _0
1 2001
a Песня
1 700 1
a Ефимов
b В.
4 230
464 Аналитический уровень _0
1 2001
a Вьется ласточка сизокрылая
1 700 1
a Гурилев
b А.
4 230
464 Аналитический уровень _0
1 2001
a В минуту жизни трудную
1 700 1
a Булахов
b П.
4 230
464 Аналитический уровень _0
1 2001
a Менуэт
1 700 1
a Гендель
b Г.
4 230
464 Аналитический уровень _0
1 2001
a Немецкий танец
1 700 1
a Бетховен
b Л.
4 230
464 Аналитический уровень _0
1 2001
a Менуэт
1 700 1
a Шуберт
b Ф.
4 230
464 Аналитический уровень _0
1 2001
a Коломбина
1 700 1
a Кросс
b Р.
4 230
464 Аналитический уровень _0
1 2001
a Кукушка танцует
1 700 1
a Сигмейстер
b Э.
4 230
464 Аналитический уровень _0
1 2001
a Менуэт бабушки
1 700 1
a Ханникайнен
b И.
4 230
464 Аналитический уровень _0
1 2001
a Вставала ранешенько
e рус. нар. песня
464 Аналитический уровень _0
1 2001
a Солнце село за горой дальней
e рус. нар. песня
464 Аналитический уровень _0
1 2001
a Ой, мы дерево срубили
e рус. нар. песня
464 Аналитический уровень _0
1 2001
a Як дiждемо лiта
e укр. нар. песня
464 Аналитический уровень _0
1 2001
a Як я устану уранцi
e укр. нар. песня
464 Аналитический уровень _0
1 2001
a Цi у полi не калiнка расла
e белорус. нар. песня
464 Аналитический уровень _0
1 2001
a Тройка
1 700 1
a Хренников
b Т.
4 230
464 Аналитический уровень _0
1 2001
a Как соловей о розе
1 700 1
a Хренников
b Т.
4 230
512 Заглавие обложки 1_
a Заглавие обложки Альбом начинающего аккордеониста
606 Тематические рубрики 0_
a Основная рубрика Аккордеон
610 Ключевые слова 0_
a Ключевые слова аккордеон
686 Индексы других классификаций __
a Классификационный индекс 85.954.7я43
2 Код системы rubbk
702 Вторичная интеллектуальная ответственность _1
a Фамилия Талакин
b Имя (инициалы) А.
4 Код отношения 220
801 Источник записи _0
a Страна RU
b Организация Ульяновская ОНБ
c Дата составления 20130719
g Правила каталогизации RCR
801 Источник записи _1
a Страна RU
b Организация Ульяновская ОНБ
c Дата составления 20130719
g Правила каталогизации RCR
901 Тип документа __
t Тип документа n
w Контрольный № источника RU/УОНБ/EK_N/426262497
909 Создатель записи __
a Создатель записи Лобина Л. И.
938 Служебная информация __
a Имя БД noti
b Имя библиотеки УОНБ
c Имя АИБС МАРК-SQL
d Номер DOC_ID в БД 11578